Вікнами до неба (Запис № 579993)

МАРК-запис
000 -Лідер
fixed length control field 00875 a2200241 4500
003 - Ідентифікатор контрольного номера
control field UA-OsUOA
005 - Дата та час останнього входження (трансакції)
control field 20260305165107.0
008 - Елементи даних фіксованої довжини – загальна інформація
fixed length control field 260305b un ||||| |||| 00| 0 ukr d
020 ## - Міжнародний стандартний книжковий номер (ISBN)
Міжнародний стандартний книжковий номер (ISBN) (НП) 9789666655342
040 ## - Джерело каталогізації
Мова каталогізації ukr
Агенція, яка здійснювала перезапис UA-OsUOA
080 ## - Індекс Універсальної десяткової класифікації
Індекс Універсальної десяткової класифікації (УДК) (НП) 82-4/6-9
090 ## - Локальний шифр розміщення
Класифікаційний індекс УДК 84-4/6-9
Авторський знак (НП) М33
100 ## - Основне введення – ім’я особи
Ім’я особи (НП) Матвієнко Н.
9 (RLIN) 24295
245 ## - Відомості про назву
Назва (НП) Вікнами до неба
Решта назви (НП) есеї, листи, щоденникові записи
Дані про відповідальність (НП) Ніна Матвієнко, Роман Дідула
260 ## - Публікація, розповсюдження і т.п. (Вихідні дані)
Місце публікації, розповсюдження і т.п. (П) Львів
Ім’я/ наймення видавництва, розповсюджувача і т.п. (П) Сполом
Дата публікації, розповсюдження і т.п. (П) 2009
300 ## - Фізичний опис
Обсяг 384 с.
500 ## - Загальна примітка
Загальна примітка Пам'яті наших матерів
650 ## - Додаткове предметне введення – тематичний термін
Тематичний термін чи географічна назва, як елемент введення (НП) 82-4 Нариси, есе
9 (RLIN) 20373
700 1# - Додаткове введення – ім'я особи
Ім’я особи (НП) Дідула Р.
9 (RLIN) 24297
942 ## - Додаткові елементи входу (Коха)
Тип елемента Koha Книги
Source of classification or shelving scheme Universal Decimal Classification
955 ## - Код типу видання за змістом
Код типу видання за змістом (НП) Літературно-художні видання
Фонди
Стан вилучень Стан втрат Джерело класифікації або схеми стелажів Стан уражень Не для кредиту Код колекції Постійне місце розташування Поточне розміщення Дата придбання Джерело придбання Вартість, звичайна ціна покупки Усього замовленно Повний номер виклику Штрих-код Дата останнього перегляду Вартість, ціна заміни Ціна ефективна від Тип елемента Koha Примітка, призначена для загального доступу
    Universal Decimal Classification     Колекція Шевчука Валерія АБ - Абонемент НБ АБ - Абонемент НБ 06/03/2026 08/02.03.2026 90.00   84-4/6-9 М33 169478 06/03/2026 90.00 06/03/2026 Книги з автографом Р. Дідули